[Event "Fenain op"]
[Site "Fenain"]
[Date "2007.02.24"]
[Round "1.15"]
[White "Aine, Olivier"]
[Black "Faille, Michel"]
[Result "1-0"]
[WhiteElo "1931"]
[BlackElo "1720"]
[PlyCount "49"]
[EventDate "2007.02.24"]
[EventType "swiss"]
[EventRounds "7"]
[EventCountry "FRA"]
[SourceTitle "CBM 117 Extra"]
[Source "ChessBase"]
[SourceDate "2007.05.09"]
[SourceVersion "1"]
[SourceVersionDate "2007.05.09"]
[SourceQuality "1"]

1. e4 e5 2. Nf3 Nc6 3. d4 exd4 4. Nxd4 Nxd4 5. Qxd4 d6 6. Nc3 Be7 7. Qxg7 Bf6 8. Qg3 Be5 9. f4 Bf6 10. Qd3 Nh6 11. f5 Ng4 12. Qh3 Ne5 13. Bd2 Bh4+ 14. Kd1 Bd7 15. Be2 Qe7 16. Nd5 Qd8 17. Nxc7+ Qxc7 18. Qxh4 Rc8 19. Bc3 0-0 20. Qg5+ Kh8 21. Qf6+ Kg8 22. Rf1 Qc5 23. Rf4 Qg1+ 24. Kd2 Qxg2 25. Rg4+ 1-0